000 00574nam a2200229Ia 4500
008 170711s9999 xx 000 0 und d
050 _a745
050 _bP252 1969
100 _aParks, Anne
245 2 _aA groovy guide :
245 _bdecorating your room: 501 ways to make it happen /
245 _cby Anne Parks.
260 _aNew York :
260 _bSignet Book,
260 _c1969
300 _a176 pages :
300 _bsome colored illustrations ;
300 _c10cm.
650 _aBedrooms.
650 _aInterior decorations.
700 _aTitle.
999 _c339767
_d339767